[Event "82nd Tata Steel Qualifiers 2020"]
[Site "Wijk aan Zee"]
[Date "2020.01.20"]
[Round "4.2"]
[White "Slingerland, Fred"]
[Black "Akash G"]
[Result "0-1"]
[WhiteElo "2333"]
[BlackElo "2461"]
[Annotator "TA"]
[PlyCount "106"]
[EventDate "2020.01.18"]
[EventCountry "NED"]
[SourceTitle "playchess.com"]
[Source "ChessBase"]
[SourceQuality "1"]

{[%evp 28,106,31,18,46,22,38,36,47,58,78,42,74,75,49,22,80,-11,-9,-10,0,-18,0,0,0,0,0,0,-7,0,20,-22,-24,-59,-61,-52,-56,-54,-12,-33,-39,-39,-34,-60,-64,-66,-56,-57,-52,-87,-53,-58,0,-86,-107,-103,-99,-323,-291,-328,-302,-352,-359,-338,-334,-324,-308,-414,-291,-400,-396,-614,-458,-1154,-810,-29986,-29987,-29987,-29988,-29988,-29989]} 1. e4 c5 2. Nf3 d6 3. d4 cxd4 4. Nxd4 Nf6 5. Nc3 Nc6 6. Be2 e5 7. Nf3 h6 8. O-O Be7 9. Re1 O-O 10. h3 Be6 11. Bf1 Nb8 12. b3 Nbd7 13. Bb2 a6 14. a4 Qc7 15. Nd2 Rac8 {B58: Classical Sicilian: 6 Be2} (15... Qc6 16. Nc4 Nc5 17. Qf3 b5 18. Na5 Qb6 19. axb5 axb5 20. b4 Na6 21. Ba3 Nc7 22. Rad1 Bd7 23. Qe3 Qxe3 24. Rxe3 Rfc8 25. Bc1 {½-½ (25) Smirin,I (2654)-Korotylev,A (2615) Moscow 2007}) 16. Bc4 Qc6 17. a5 Rfe8 {White is slightly better.} 18. Qf3 Bd8 $146 ({Predecessor:} 18... Nc5 19. Nd5 Bd8 20. Nb4 Qc7 21. Bd5 Qd7 22. c4 Bxd5 23. exd5 {½-½ (43) Thipsay,B (2243)-Ramaswamy,A (2236) Bangalore 2005}) 19. Nd5 (19. Bd5 $5 Bxd5 20. exd5 $14) 19... Bxd5 20. exd5 Qc5 21. Bc3 Nf8 (21... g6 $11 {remains equal.}) 22. Ne4 ({Better is} 22. b4 $16 Qc7 23. Bb2) 22... Nxe4 $11 23. Rxe4 Nh7 24. Re2 g6 25. Ra4 f5 26. Bb4 Qc7 $1 27. Qg3 Kg7 28. Bd3 {[#] Bxf5 is the strong threat.} Qd7 29. f3 Nf6 {White must now prevent ...e4.} 30. Rd2 Nh5 31. Qe1 Bg5 32. Rd1 Nf6 33. c4 e4 34. fxe4 Nxe4 {Strongly threatening ...Nc5.} 35. Bxe4 Rxe4 36. Bc3+ Kh7 37. Qf1 $1 Rce8 $36 {[%mdl 2048] Black has the initiative.} 38. Re1 Be3+ 39. Kh1 g5 (39... Qd8 $15) 40. Rb4 (40. c5 $11 Rxa4 41. bxa4 dxc5 42. Qf3) 40... Kg6 $17 41. c5 {[#] And now Rxe4 would win.} Rxb4 ({Avoid the trap} 41... dxc5 $2 42. Rb6+ Kh5 43. Rf6 $18 (43. Qf3+ g4 $11)) (41... Bxc5 $2 42. Rexe4 Bxb4 43. Rxb4 $18) 42. Bxb4 $2 (42. c6 $17 {only move.} bxc6 43. Bxb4) 42... dxc5 $19 43. Qd3 Bd4 ({Less strong is} 43... cxb4 44. Rxe3 Rxe3 45. Qxe3 $17) 44. Qc4 Rxe1+ ({Weaker is} 44... cxb4 45. Rxe8 Qxe8 46. Qxd4 $11) 45. Bxe1 Qe8 46. Bd2 Kf6 47. Qc1 Qe5 48. Qd1 Qxd5 49. Qh5 (49. Be3 $142) 49... Kg7 50. h4 (50. Qf3 $142 Qe4 51. Kh2) 50... Qxb3 {( -> ...Qb1+)} 51. hxg5 Qb1+ {Black mates.} 52. Kh2 Qg1+ 53. Kg3 Be5+ {Accuracy: White = 43%, Black = 51%.} 0-1

[Event "82nd Tata Steel Qualifiers 2020"]
[Site "Wijk aan Zee"]
[Date "2020.01.20"]
[Round "4.3"]
[White "Beukema, Stefan"]
[Black "Pijpers, Arthur"]
[Result "0-1"]
[WhiteElo "2389"]
[BlackElo "2480"]
[Annotator "TA"]
[PlyCount "72"]
[EventDate "2020.01.18"]
[EventCountry "NED"]
[SourceTitle "playchess.com"]
[Source "ChessBase"]
[SourceQuality "1"]

{[%evp 9,90,21,6,6,11,6,6,6,6,6,25,3,7,5,10,0,22,0,0,0,8,-11,2,0,25,21,81,76,88,68,71,64,70,58,54,62,94,90,92,50,63,58,73,73,73,73,87,54,53,-85,-83,-1047,-1047,-1024,-1012,-982,-972,-968,-961,-961,-931,-899,-767,-29969,-29971,-29971,-29972,-29972,-29973,-29972,-29974,-29974,-29974,-29974,-29976,-29977,-29977,-29976,-29977,-5385,-1894,-804,-572]} 1. e4 c5 2. Nf3 d6 3. d4 cxd4 4. Qxd4 Nc6 5. Bb5 a6 6. Bxc6+ {B53: Sicilian: 2...d6: Lines with Qxd4} bxc6 7. b3 e5 8. Qd3 {The position is equal.} Be7 9. O-O Qc7 10. c4 Nf6 11. Nc3 O-O 12. Rd1 Be6 $146 ({Predecessor:} 12... Bg4 13. h3 Bh5 14. Qe3 Rad8 15. Bb2 h6 16. Rd2 {0-1 (82) Nepomniachtchi,I (2705)-Moiseenko,A (2692) Berlin 2015}) 13. Bb2 Rad8 14. Rac1 Qa7 15. h3 Nd7 16. Ba3 c5 17. Nd5 Nb8 {[#]} (17... Bxd5 $11 {remains equal.} 18. cxd5 (18. Qxd5 a5 $11) 18... a5) 18. b4 $1 $36 {[%mdl 2048] White is on the roll.} Nc6 19. bxc5 dxc5 20. Nxe7+ Qxe7 21. Qe3 Rxd1+ 22. Rxd1 Nb4 23. Nxe5 Rc8 24. Bxb4 cxb4 25. Qb6 $1 h6 26. Qxa6 Qc5 27. Qd6 Bxc4 28. Nxc4 Qxc4 {[%mdl 4096] Endgame KQR-KQR} 29. Rd4 (29. Qd4 $14 {keeps the upper hand.}) 29... Qxa2 $17 {Threatens to win with ...b3.} 30. Rxb4 $2 {[%mdl 8192]} (30. Qxb4 $17 Rc1+ 31. Kh2) 30... Rc1+ $19 31. Kh2 Qxf2 32. Rb8+ Kh7 {( -> ...Qg1+)} 33. Qe5 Qg1+ 34. Kg3 Qe3+ 35. Kh2 {[#]} Rf1 $1 36. h4 {[#]} Rf4 {Played: Qe3-e1} 0-1

[Event "82nd Tata Steel Qualifiers 2020"]
[Site "Wijk aan Zee"]
[Date "2020.01.20"]
[Round "4.4"]
[White "Suleymanli, Aydin"]
[Black "Beerdsen, Thomas"]
[Result "*"]
[WhiteElo "2473"]
[BlackElo "2495"]
[Annotator "RC"]
[PlyCount "31"]
[EventDate "2020.01.18"]
[EventCountry "NED"]
[SourceTitle "playchess.com"]
[Source "ChessBase"]
[SourceQuality "1"]
[TimeControl "40/6000+30:20/3000+30:900+30"]

1. e4 {[%emt 0:01:11]} c5 {[%emt 0:00:00]} 2. Nf3 {[%emt 0:00:05]} d6 {[%emt 0:00:00]} 3. d4 {[%emt 0:00:04]} cxd4 {[%emt 0:00:05]} 4. Nxd4 {[%emt 0:00:07]} Nf6 {[%emt 0:00:07]} 5. Nc3 {[%emt 0:00:04]} Bd7 {[%emt 0:00:00]} 6. h3 {[%emt 0:04:09]} Nc6 {[%emt 0:00:25]} 7. g4 {[%emt 0:01:00]} g6 {[%emt 0:00:10]} 8. Be3 {[%emt 0:07:00]} Bg7 {[%emt 0:00:17]} 9. Qd2 {[%emt 0:02:57]} O-O {[%emt 0:00:17]} 10. O-O-O {[%emt 0:02:14]} b5 {[%emt 0:00:25]} 11. Nxc6 {[%emt 0:07:13]} Bxc6 {[%emt 0:00:17]} 12. Bg2 {[%emt 0:00:04]} Qa5 {[%emt 0:35:53]} 13. Kb1 {[%emt 0:05:17]} b4 {[%emt 0:00:19]} 14. Nd5 {[%emt 0:00:32]} Nxd5 {[%emt 0:02:22]} 15. exd5 {[%emt 0:00:10]} Bc3 {[%emt 0:00:32]} 16. Qc1 {[%emt 0:01:49]} *

[Event "82nd Tata Steel Qualifiers 2020"]
[Site "Wijk aan Zee"]
[Date "2020.01.20"]
[Round "4.4"]
[White "De Boer, Eelke"]
[Black "Zwirs, Nico"]
[Result "0-1"]
[WhiteElo "2324"]
[BlackElo "2418"]
[Annotator "ChessBase"]
[PlyCount "114"]
[EventDate "2020.01.18"]
[EventCountry "NED"]
[SourceTitle "playchess.com"]
[Source "ChessBase"]
[SourceQuality "1"]
[TimeControl "40/6000+30:20/3000+30:900+30"]

1. e4 {[%emt 0:01:11]} c5 {[%emt 0:00:00]} 2. Nf3 {[%emt 0:00:05]} d6 {[%emt 0:00:00]} 3. d4 {[%emt 0:00:04]} cxd4 {[%emt 0:00:00]} 4. Nxd4 {[%emt 0:00:07]} Nf6 {[%emt 0:00:00]} 5. Nc3 {[%emt 0:00:04]} Bd7 {[%emt 0:00:00]} 6. h3 {[%emt 0:04:09]} Nc6 {[%emt 0:00:25]} 7. g4 {[%emt 0:01:00]} g6 {[%emt 0:00:10]} 8. Be3 {[%emt 0:07:00]} Bg7 {[%emt 0:00:17]} 9. Qd2 {[%emt 0:02:57]} O-O {[%emt 0:00:17]} 10. O-O-O {[%emt 0:02:14]} b5 {[%emt 0:00:25]} 11. Nxc6 {[%emt 0:07:13]} Bxc6 {[%emt 0:00:17]} 12. Bg2 {[%emt 0:00:04]} Qa5 {[%emt 0:35:53]} 13. Kb1 {[%emt 0:05:17]} b4 {[%emt 0:00:19]} 14. Nd5 {[%emt 0:00:32]} Nxd5 {[%emt 0:02:22]} 15. exd5 {[%emt 0:00:10]} Bc3 {[%emt 0:00:32]} 16. Qc1 {[%emt 0:01:49]} Bb5 {[%emt 0:00:33]} 17. Bd2 {[%emt 0:16:23]} Rfc8 {[%emt 0:09:08]} 18. Bxc3 {[%emt 0:01:50]} bxc3 {[%emt 0:00:17]} 19. b3 {[%emt 0:00:08]} Rab8 {[%emt 0:12:41]} 20. Rd4 {[%emt 0:15:35]} Rb6 {[%emt 0:07:01]} 21. a3 {[%emt 0:04:34]} Ra6 {[%emt 0:19:27]} 22. Ka2 {[%emt 0:00:21]} Qb6 {[%emt 0:00:12]} 23. Rf4 {[%emt 0:05:20]} Bd7 {[%emt 0:01:51]} 24. Bf1 {[%emt 0:10:44]} Ra5 {[%emt 0:03:51]} 25. Bc4 {[%emt 0:00:53]} Bb5 {[%emt 0:01:16]} 26. Bxb5 {[%emt 0:00:06]} Rxb5 {[%emt 0:00:08]} 27. Re1 {[%emt 0:00:15]} Rc7 {[%emt 0:06:31]} 28. Qd1 {[%emt 0:04:59]} Qb7 {[%emt 0:00:19]} 29. Rd4 {[%emt 0:00:21]} Rcc5 {[%emt 0:00:54]} 30. Qd3 {[%emt 0:02:06]} Rxd5 {[%emt 0:02:03]} 31. Rxd5 {[%emt 0:04:16]} Rxd5 {[%emt 0:03:48]} 32. Qxc3 {[%emt 0:00:07]} Rc5 {[%emt 0:00:54]} 33. Qd3 {[%emt 0:00:12]} Qg2 {[%emt 0:02:46]} 34. Re2 {[%emt 0:02:54]} Rd5 {[%emt 0:00:46]} 35. Qe4 {[%emt 0:02:47]} Qxe4 {[%emt 0:00:04]} 36. Rxe4 {[%emt 0:00:06]} e5 {[%emt 0:00:24]} 37. Re2 {[%emt 0:05:08]} f5 {[%emt 0:00:53]} 38. b4 {[%emt 0:00:42]} Kf7 {[%emt 0:00:15]} 39. gxf5 {[%emt 0:01:06]} gxf5 {[%emt 0:00:01]} 40. Kb3 {[%emt 0:01:01]} Ke6 {[%emt 0:00:26]} 41. a4 {[%emt 0:52:51]} Rd1 {[%emt 0:51:48]} 42. Kc4 {[%emt 0:00:00]} d5+ {[%emt 0:00:00]} 43. Kc5 {[%emt 0:00:00]} d4 {[%emt 0:00:00]} 44. a5 {[%emt 0:00:00]} e4 {[%emt 0:00:00]} 45. b5 {[%emt 0:00:00]} Ke5 {[%emt 0:00:00]} 46. Kc4 {[%emt 0:00:00]} f4 {[%emt 0:00:00]} 47. f3 {[%emt 0:02:24]} e3 {[%emt 0:00:00]} 48. b6 {[%emt 0:00:10]} axb6 {[%emt 0:00:00]} 49. axb6 {[%emt 0:00:06]} Kd6 {[%emt 0:00:00]} 50. c3 {[%emt 0:01:42]} dxc3 {[%emt 0:00:00]} 51. Kxc3 {[%emt 0:00:09]} Rb1 {[%emt 0:03:34]} 52. Ra2 {[%emt 0:01:26]} Rxb6 {[%emt 0:00:39]} 53. Ra4 {[%emt 0:00:09]} Ke5 {[%emt 0:00:18]} 54. Ra5+ {[%emt 0:00:15]} Kf6 {[%emt 0:00:09]} 55. Kd3 {[%emt 0:00:14]} Rb3+ {[%emt 0:00:24]} 56. Ke2 {[%emt 0:01:00]} Rb2+ {[%emt 0:00:06]} 57. Ke1 {[%emt 0:00:05]} Rf2 {[%emt 0:00:20]} 0-1

[Event "82nd Tata Steel Qualifiers 2020"]
[Site "Wijk aan Zee"]
[Date "2020.01.20"]
[Round "4.5"]
[White "Suleymanli, Aydin"]
[Black "Beerdsen, Thomas"]
[Result "1/2-1/2"]
[WhiteElo "2473"]
[BlackElo "2495"]
[Annotator "TA"]
[PlyCount "78"]
[EventDate "2020.01.18"]
[EventCountry "NED"]
[SourceTitle "playchess.com"]
[Source "ChessBase"]
[SourceQuality "1"]

{[%evp 23,78,35,43,0,0,0,0,23,8,0,19,0,27,12,36,37,48,47,89,81,76,47,47,45,35,15,15,18,41,10,106,77,77,81,88,88,52,88,116,38,48,47,75,12,35,18,27,5,2,0,0,0,11,0,0,0,0]} 1. d4 Nf6 2. c4 g6 3. g3 Bg7 4. Bg2 O-O 5. Nc3 d6 6. Nf3 Nbd7 7. O-O e5 8. h3 c6 9. e4 exd4 10. Nxd4 Re8 11. Re1 Qb6 12. Nc2 Nc5 13. Rb1 {E69: King's Indian: Fianchetto: 6...Nbd7 7 0-0 e5 8 e4 c6 9 h3} ({But not} 13. Qxd6 Rd8 $17) (13. b4 Ncd7 14. Be3 Qd8 15. Nd4 Ne5 16. Qb3 a5 17. a3 Nd3 18. Red1 axb4 19. axb4 Rxa1 20. Rxa1 c5 21. bxc5 Nxc5 {1-0 (53) Khademalsharieh,S (2481)-Najer,E (2678) Changsha 2019}) 13... Ng4 14. hxg4 {[#] aiming for Be3.} Bxc3 $1 15. Re3 Bg7 16. b3 $146 ({Predecessor:} 16. Re1 Be6 {½-½ (26) Schoebel,W (2255)-Kettler,B Germany 1988}) 16... Be6 17. Re1 a5 18. Be3 Rad8 19. g5 Qc7 20. Bd4 Qc8 21. Bxg7 Kxg7 22. Kh2 Kg8 23. Qd4 Qd7 24. Rbd1 Qe7 25. f4 Bc8 26. Qc3 Qc7 (26... Qf8 $11 {keeps the balance.}) 27. e5 dxe5 28. Rxe5 {[#] Hoping for Rxd8.} b6 29. Rxd8 Rxd8 30. Nd4 Bd7 31. Qe3 (31. Re1 $16) 31... Qd6 $14 32. a3 Rb8 33. b4 ({White should play} 33. Qc3 $16) 33... axb4 34. axb4 Ne6 35. Nxe6 (35. Nc2 {keeps more tension.} Ra8 36. Qc3 Ra2 37. Re2 c5 38. Rd2) 35... Bxe6 {The position is equal.} 36. c5 bxc5 37. bxc5 Qd7 38. Re4 Rd8 39. Qf2 Qd1 {Accuracy: White = 34%, Black = 54%.} 1/2-1/2

[Event "82nd Tata Steel Qualifiers 2020"]
[Site "Wijk aan Zee"]
[Date "2020.01.20"]
[Round "4.5"]
[White "De Boer, Eelke"]
[Black "Zwirs, Nico"]
[Result "*"]
[WhiteElo "2324"]
[BlackElo "2418"]
[Annotator "TA"]
[PlyCount "36"]
[EventDate "2020.01.18"]
[EventCountry "NED"]
[SourceTitle "playchess.com"]
[Source "ChessBase"]
[SourceQuality "1"]

{[%evp 23,36,52,29,6,17,9,14,29,12,18,22,0,35,39,36]} 1. d4 Nf6 2. c4 g6 3. g3 Bg7 4. Bg2 O-O 5. Nc3 d6 6. Nf3 Nbd7 7. O-O e5 8. h3 c6 9. e4 exd4 10. Nxd4 Re8 11. Re1 Qb6 12. Nc2 Nc5 13. Rb1 {E69: King's Indian: Fianchetto: 6...Nbd7 7 0-0 e5 8 e4 c6 9 h3} ({Of course not} 13. Qxd6 Rd8 $17) (13. b4 Ncd7 14. Be3 Qd8 15. Nd4 Ne5 16. Qb3 a5 17. a3 Nd3 18. Red1 axb4 19. axb4 Rxa1 20. Rxa1 c5 21. bxc5 Nxc5 {1-0 (53) Khademalsharieh,S (2481)-Najer,E (2678) Changsha 2019}) 13... Ng4 14. hxg4 {[#] Hoping for Bf4.} Bxc3 $1 15. Re3 Bg7 16. b3 $146 ({Predecessor:} 16. Re1 Be6 {½-½ (26) Schoebel,W (2255)-Kettler,B Germany 1988}) 16... Be6 17. Re1 a5 18. Be3 Rad8 *

[Event "82nd Tata Steel Qualifiers 2020"]
[Site "Wijk aan Zee"]
[Date "2020.01.21"]
[Round "5.2"]
[White "Akash G"]
[Black "Van Dael, Siem"]
[Result "1/2-1/2"]
[WhiteElo "2461"]
[BlackElo "2252"]
[Annotator "TA"]
[PlyCount "85"]
[EventDate "2020.01.18"]
[EventCountry "NED"]
[SourceTitle "playchess.com"]
[Source "ChessBase"]
[SourceQuality "1"]

{[%evp 18,85,0,0,0,-22,-28,-29,-25,-74,-20,-2,-26,-27,20,-34,18,-47,-38,-43,-17,-12,-10,-12,-14,-43,-7,-18,41,6,14,0,0,0,1,0,23,22,31,28,25,24,27,23,34,14,46,22,32,40,53,53,53,49,52,56,52,52,51,46,45,39,62,-11,-13,-12,-19,-18,-13,-24]} 1. e4 e5 2. Nf3 Nc6 3. Bb5 Nf6 4. O-O Nxe4 5. Re1 Nd6 6. Nxe5 Be7 7. Bd3 Nxe5 8. Rxe5 O-O 9. Nc3 {[%cal Bb1c3,Bc3d5,Bd5e7][%mdl 32]} Bf6 10. Re3 {[#] Bxh7+! is the strong threat.} Bd4 {C67: Ruy Lopez: Berlin Defence: 4 0-0 Nxe4} 11. Rh3 (11. Bxh7+ Kxh7 12. Qh5+ Kg8 13. Rh3 f5 14. Nd5 Ne8 15. d3 Nf6 16. Nxf6+ Bxf6 17. Bf4 Qe8 18. Qh7+ Kf7 19. Qh5+ Kg8 20. Qh7+ Kf7 21. Qh5+ Kg8 22. Qh7+ {½-½ (22) Xu,X (2583)-Ma,Q (2626) Daqing 2019}) 11... g6 12. Qg4 Bg7 {Black has an edge.} 13. Nd5 $146 ({Predecessor:} 13. b3 Ne8 14. Qh4 Qxh4 15. Rxh4 Nf6 16. Ba3 Re8 17. Rd1 a6 18. Bc5 {0-1 (39) McKenzie,C (2296)-Hauser,S (2387) ICCF email 2007}) 13... Ne8 (13... b6 $17) 14. Qh4 Qxh4 15. Rxh4 c6 16. Ne7+ Kh8 {[#] Strongly threatening ...Bf6.} 17. Rb4 (17. Bxg6 $1 $11 fxg6 18. Nxg6+ {[%mdl 64] Double Attack} Kg8 19. Nxf8 Bxf8 20. d4) 17... Nd6 18. Kf1 Bf6 19. Nxc8 Rfxc8 20. c3 Kg7 21. Be2 c5 22. Rb3 b6 ({Black should play} 22... c4 $11 23. Ra3 a5) 23. a4 Nb7 24. Bf3 Na5 25. Rba3 Rab8 26. d3 d6 27. Bf4 Be5 28. Be3 Bf6 ({Don't blunder} 28... Bxh2 $2 29. g3 $18) 29. Rd1 Nc6 30. h3 h5 31. Ke2 Rc7 32. Raa1 Rd8 33. Rac1 d5 34. d4 cxd4 35. cxd4 Rdc8 {With the idea ...Nxd4+!} 36. Rc3 Nb4 37. Rdc1 Rc4 38. g4 hxg4 39. hxg4 g5 40. Bd2 (40. Kd1 $14) 40... Re8+ $11 {The position is equal.} 41. Re3 Rxc1 42. Bxc1 Rd8 43. Kd1 {Accuracy: White = 58%, Black = 55%.} 1/2-1/2

[Event "82nd Tata Steel Qualifiers 2020"]
[Site "Wijk aan Zee"]
[Date "2020.01.21"]
[Round "5.3"]
[White "Pijpers, Arthur"]
[Black "Slingerland, Fred"]
[Result "1-0"]
[WhiteElo "2480"]
[BlackElo "2333"]
[Annotator "TA"]
[PlyCount "79"]
[EventDate "2020.01.18"]
[EventCountry "NED"]
[SourceTitle "playchess.com"]
[Source "ChessBase"]
[SourceQuality "1"]

{[%evp 18,79,50,39,37,50,89,89,89,89,89,86,87,87,100,100,100,100,100,102,102,97,117,117,117,117,117,105,117,115,119,114,123,121,129,125,126,125,139,150,200,171,311,308,238,186,193,178,308,303,298,292,275,255,338,327,327,322,368,374,359,360,461,404]} 1. e4 c5 2. Nf3 d6 3. d4 cxd4 4. Nxd4 Nf6 5. Nc3 Nc6 6. f3 Nxd4 7. Qxd4 g6 8. Be3 Bg7 9. O-O-O O-O 10. Qd2 Be6 {B56: Classical Sicilian: Unusual Lines} 11. Kb1 Qa5 12. Nd5 Qxd2 {White is better.} 13. Nxe7+ {[#]} Kh8 $1 14. Bxd2 Rfe8 $146 ({Predecessor:} 14... Rae8 15. Nd5 Bxd5 16. exd5 Nxd5 17. Bc1 Ne3 18. Rxd6 Nxf1 19. Rxf1 {1-0 (43) Munguntuul,B (2261)-Konovalov,N (2426) Moscow 2008}) 15. Nd5 $1 {[%cal Rd5c7]} Bxd5 16. exd5 Nxd5 17. Bc4 Ne3 18. Bxe3 $1 Rxe3 19. Bxf7 Re2 20. g3 Rc8 21. Bb3 ({Much worse is} 21. Rxd6 $6 Be5 $11) 21... Bf8 22. h4 b5 23. h5 Kg7 24. Rh4 Be7 25. h6+ Kh8 26. Rb4 a6 27. a4 Re5 28. g4 g5 29. Rd5 Rc5 {[#]} (29... Ra8 {was necessary.} 30. Rd1 Rb8) 30. axb5 $1 $18 {[%mdl 512]} Rxb5 (30... axb5 31. Rxc5) 31. Rxe5 dxe5 {[%mdl 4096] Endgame KRB-KRB} 32. Rc4 {Intending Rc8+ and mate.} Rb8 (32... Rc5 {was called for.} 33. Ra4 Rc6) 33. Rc6 a5 34. Re6 Bf8 35. Rxe5 Ra8 36. Re6 ({Don't do} 36. Rxg5 Bxh6 37. Rh5 Bg7 $18) 36... a4 37. Bd5 Rb8 38. Ka2 Rd8 39. c4 Rb8 40. Ra6 {Accuracy: White = 90%, Black = 59%.} 1-0

[Event "82nd Tata Steel Qualifiers 2020"]
[Site "Wijk aan Zee"]
[Date "2020.01.21"]
[Round "5.4"]
[White "Zwirs, Nico"]
[Black "Beukema, Stefan"]
[Result "1-0"]
[WhiteElo "2418"]
[BlackElo "2389"]
[Annotator "TA"]
[PlyCount "99"]
[EventDate "2020.01.18"]
[EventCountry "NED"]
[SourceTitle "playchess.com"]
[Source "ChessBase"]
[SourceQuality "1"]

{[%evp 16,99,23,36,31,25,62,56,84,87,62,64,112,120,110,118,110,112,166,112,111,107,132,112,178,170,167,176,161,172,196,188,204,0,0,0,217,207,493,154,166,0,472,0,166,158,155,102,85,57,102,58,50,58,34,46,54,46,106,93,96,95,149,70,69,79,188,179,195,191,191,182,186,184,258,254,254,254,681,684,664,650,729,595,576,610]} 1. Nf3 f5 2. d4 Nf6 3. c4 d6 4. Nc3 g6 5. g3 Bg7 6. Bg2 O-O 7. O-O c6 8. d5 {8.b3 is the hot move.} e5 9. e4 Na6 {was the old line (9...cxd5). A88: Dutch Defence: Leningrad System: 5 Nf3 0-0 6 0-0 d6 7 Nc3 c6.} 10. exf5 gxf5 {[#]} 11. dxc6 $146 ({Predecessor:} 11. Nh4 c5 12. Bg5 h6 13. Bd2 Nb4 14. f3 f4 15. a3 Nd3 16. Qe2 fxg3 17. hxg3 {1-0 (52) Peralta,F (2617)-Klein,D (2445) Wijk aan Zee 2013}) 11... bxc6 {White is slightly better.} 12. Nh4 $1 e4 13. Bh3 Ne8 14. f3 $1 Nc5 15. fxe4 fxe4 16. Rxf8+ Kxf8 (16... Bxf8 $16 17. Nf5 Qf6) 17. Bxc8 (17. Bf5 $1 $18) 17... Qxc8 $16 18. Be3 Qe6 19. Qe2 Nd3 (19... Kg8 $16) 20. Rf1+ Kg8 21. Nf5 Qxc4 22. Nh6+ Kh8 23. Nf7+ {[%mdl 1024] White has strong compensation.} Kg8 24. Nh6+ $2 (24. Qg4 $18) 24... Kh8 $11 25. Nf7+ $2 (25. Qg4 $11 Ne5 26. Qxe4) 25... Kg8 $18 {intending ...Ne5.} 26. Qg4 Nc5 $2 (26... Ne5 27. Nxe5 dxe5) 27. Nh6+ $2 (27. Bxc5 dxc5 28. Kg2 (28. Qxe4 Qxe4 29. Nxe4 Rb8 $14)) 27... Kh8 28. Nf7+ $2 (28. Qh4) 28... Kg8 29. Nh6+ $2 (29. Bxc5 dxc5 30. Kg2 (30. Qxe4 Qxe4 31. Nxe4 Rb8 $14)) 29... Kh8 30. Qh4 $1 Qe6 31. Nf7+ (31. Ne2 $142 $1 {[%cal Re2d4] And now Nd4 would win.} Bxh6 32. Bxh6) 31... Kg8 $16 32. Bxc5 dxc5 33. Qxh7+ {[%mdl 64] Decoy} (33. Qxe4 $6 Nc7 $11) 33... Kxh7 34. Ng5+ {[%mdl 64] Double Attack} Kg6 35. Nxe6 Bxc3 36. bxc3 $14 {[%mdl 4096] Endgame KRN-KRN} Nd6 (36... Nf6 $14) 37. Nxc5 $16 e3 38. Rd1 Nf5 (38... Nb5 $142) 39. g4 ({White should play} 39. Kg2 $16) 39... Nh4 $14 40. Kf1 Re8 (40... Kg5 $16 {was called for.}) 41. Ke2 Kg5 42. Rd4 $1 Ng2 {[#]} 43. Nd3 $1 c5 44. Rc4 (44. Nxc5 Nf4+ 45. Kf3 e2 $11) 44... Re7 (44... Kh4 {is a better defense.} 45. g5+ (45. Rxc5 Kxg4 46. Rc7 Rh8 $18) (45. Nxc5 Rc8 $16) 45... Kxg5) 45. Kf3 $18 ({Stronger than} 45. Nxc5 Nf4+ 46. Ke1 Ng2+ 47. Ke2 Nf4+ 48. Ke1 Ng2+ 49. Ke2 $11) ({Resist} 45. Rxc5+ $6 Kxg4 46. Rc8 Nh4 $16) 45... Nh4+ {[#]} 46. Kg3 $1 Rd7 $2 (46... Ng6 47. Rxc5+ Kh6) 47. Rxc5+ {White is clearly winning.} Kh6 48. Nf4 Rf7 {With the idea ...Rxf4.} 49. Rc6+ Kh7 {Black hopes to continue with ...Rxf4.} 50. Re6 {Accuracy: White = 77%, Black = 57%.} 1-0

[Event "82nd Tata Steel Qualifiers 2020"]
[Site "Wijk aan Zee"]
[Date "2020.01.21"]
[Round "5.5"]
[White "Beerdsen, Thomas"]
[Black "De Boer, Eelke"]
[Result "1-0"]
[WhiteElo "2495"]
[BlackElo "2324"]
[Annotator "TA"]
[PlyCount "83"]
[EventDate "2020.01.18"]
[EventCountry "NED"]
[SourceTitle "playchess.com"]
[Source "ChessBase"]
[SourceQuality "1"]

{[%evp 11,83,12,23,24,22,23,37,14,29,39,62,4,39,19,30,27,55,38,69,25,37,37,37,33,31,0,29,36,66,22,145,86,104,27,49,42,110,95,92,87,85,91,72,63,87,24,27,20,18,14,111,118,177,90,352,344,393,364,567,562,576,577,685,664,759,735,866,856,1155,946,2621,2795,2589,2545]} 1. e4 c5 2. Nf3 d6 3. d4 cxd4 4. Nxd4 Nf6 5. Nc3 a6 6. Bg5 Nbd7 7. Qe2 {B94: Sicilian Najdorf: 6 Bg5 Nbd7} (7. f4 Qc7 8. Qf3 g6 9. O-O-O Bg7 10. Be2 h6 11. Bh4 Nb6 12. h3 Bd7 13. Rhe1 Bc6 14. Nxc6 bxc6 15. Bxf6 exf6 {½-½ (69) Sjugirov,S (2661)-Artemiev,V (2754) Sochi 2019}) 7... h6 8. Bh4 g6 9. f4 {White is slightly better.} e5 10. fxe5 dxe5 11. Nb3 (11. O-O-O $14) 11... b5 $146 ({Predecessor:} 11... Qc7 12. Qf3 Bg7 13. a4 b6 14. Bd3 Bb7 {1-0 (32) Yeletsky,I (2418)-Sarana,A (2588) Loo 2018}) 12. Nd5 Bb7 13. O-O-O {[#] And now Nxf6+ would win.} Bxd5 14. exd5 Bd6 15. g4 O-O 16. Bg2 Qc7 17. Rhf1 Kg7 18. Rd3 b4 19. Nd2 Rac8 {[%csl Gc8][%cal Rc7c2]} 20. Ne4 Ne8 (20... Nxe4 $11 {remains equal.} 21. Bxe4 Kg8) 21. g5 ({White should play} 21. Kb1) 21... hxg5 $16 22. Bxg5 (22. Nxg5 $16 {aiming for Rxf7+!} Qc4 {[%mdl 64] Double Attack} 23. Be4) 22... f6 $11 23. Bh4 f5 (23... Rh8 $14 24. Be1 Rxh2) 24. Rg3 {Threatens to win with Rg1.} Qc4 25. Qxc4 Rxc4 {[%mdl 64] [#] Pin} 26. Nxd6 Nxd6 27. Be7 $1 $36 {[%csl LRd6,LRf8][%mdl 2112] Double Attack. White has some pressure.} Rf6 28. Bxf6+ ({White should try} 28. Rg1 $16) 28... Kxf6 29. Rg1 {Bf1 is the strong threat.} Rh4 30. Bf1 Nf8 (30... Rh6 $1 $11) 31. Bxa6 $16 Rxh2 (31... f4 $16) 32. a4 (32. a3 $18) 32... bxa3 $2 {[%mdl 8192]} (32... Rh7 $16) 33. Rxa3 $18 ({Weaker is} 33. bxa3 f4 $14) 33... f4 34. c4 e4 (34... Rh7 $142 35. c5 Rc7) 35. c5 {White is clearly winning.} Nf5 36. c6 Rh7 37. Rc3 Rc7 38. b4 {[%cal Bb2b4,Bb4b5,Bb5b6,Bb6b7][%mdl 32]} f3 39. b5 f2 40. Rf1 e3 41. b6 Re7 42. b7 {[%mdl 64] Remove Defender. Accuracy: White = 56%, Black = 31%.} 1-0